| 000 | 00413nam a22001577a 4500 | ||
|---|---|---|---|
| 003 | NUST | ||
| 020 | _a9787510452130 | ||
| 038 | _aAsim Zubair | ||
| 082 |
_a338.951 _bCHI |
||
| 100 |
_aXie Chuntao (Editor) _986521 |
||
| 245 |
_aChina's urbanization: _bmigration by the millions |
||
| 260 |
_aBeijing _bNew World Press , _c2014. |
||
| 300 |
_a236p _bPaperback, _c23cm. |
||
| 563 | _aPaperback | ||
| 942 |
_2ddc _cBK |
||
| 999 |
_c587368 _d587368 |
||